Подробности
| 000 -МАРКЕР |
| контрольное поле |
02035nam0a22003131 4500 |
| 001 - ИДЕНТИФИКАТОР ЗАПИСИ |
| контрольное поле |
v19\rc\1781501 |
| 005 - ИДЕНТИФИКАТОР ВЕРСИИ |
| контрольное поле |
20260406153348.0 |
| 035 ## - ДРУГИЕ СИСТЕМНЫЕ НОМЕРА |
| Идентификатор записи |
(NLR Aleph) 004875496 |
| 100 ## - ДАННЫЕ ОБЩЕЙ ОБРАБОТКИ |
| Данные общей обработки |
20061204d1904 |||y0rusy50 ca |
| 101 0# - ЯЗЫК РЕСУРСА |
| Язык текста, звукозаписи и т.д. |
русский |
| 102 ## - СТРАНА ПУБЛИКАЦИИ ИЛИ ПРОИЗВОДСТВА |
| Страна публикации |
Российская Федерация |
| 105 ## - ПОЛЕ КОДИРОВАННЫХ ДАННЫХ: ТЕКСТОВЫЕ МАТЕРИАЛЫ, МОНОГРАФИЧЕСКИЕ |
| Кодированные данные о монографическом текстовом документе |
a z ||||| |
| 200 1# - ЗАГЛАВИЕ И СВЕДЕНИЯ ОБ ОТВЕТСТВЕННОСТИ |
| Основное заглавие |
Отчет Туркестанской учительской семинарии за XXV лет ее существования (30 августа 1879 года - 30 августа 1904 года) |
| Сведения, относящиеся к заглавию |
[С прил.] |
| Первые сведения об ответственности |
Сост. Н.П. Остроумов |
| 210 ## - ПУБЛИКАЦИЯ, РАСПРОСТРАНЕНИЕ И ДР. |
| Место издания, распространения и т.д. |
Ташкент |
| Имя издателя, распространителя и т. д. |
типо-лит. В.М. Ильина |
| Дата издания, распространения и т.д. |
1904 |
| 215 ## - ФИЗИЧЕСКАЯ ХАРАКТЕРИСТИКА |
| Специфическое обозначение материала и объем |
206, 78 с., 7 л. ил. |
| Размеры |
22 |
| 320 ## - ПРИМЕЧАНИЯ О НАЛИЧИИ В ДОКУМЕНТЕ БИБЛИОГРАФИИ / УКАЗАТЕЛЯ |
| Текст примечания |
Библиогр.: Печатные труды лиц, служивших в Туркестанской учительской семинарии и воспитанников ее" (с. 39-45 второй паг.) |
| 327 0# - ПРИМЕЧАНИЯ О СОДЕРЖАНИИ |
| Текст примечания |
С. 18-38 второй паг.: Поездка в Европейскую Россию в 1902 г. / Воспитанник А. Кожухов |
| 464 #0 - АНАЛИТИЧЕСКИЙ УРОВЕНЬ |
| Встроенное поле |
2001#$aПоездка в Европейскую Россию в 1902 г.$fВоспитанник А. Кожухов |
| -- |
215##$aС. 18-38 второй паг. |
| -- |
700#1$aКожухов$bА. |
| Заглавие |
Поездка в Европейскую Россию в 1902 г. |
| Автор |
Кожухов, А. |
| 532 11 - РАСШИРЕННОЕ ЗАГЛАВИЕ |
| Заглавие |
Отчет Туркестанской учительской семинарии за двадцать пять лет ее существования (30 августа 1879 года - 30 августа 1904 года) |
| 700 #1 - ИМЯ ЛИЦА - ПЕРВИЧНАЯ ОТВЕТСТВЕННОСТЬ |
| Код отношения |
Составитель |
| Графика поля |
Кириллица |
| Материалы, к которым относится поле |
rus |
| Начальный элемент ввода |
Остроумов |
| Часть имени, кроме начального элемента ввода |
Н. П. |
| Даты |
1846-1930 |
| Расширение инициалов личного имени |
Николай Петрович |
| Системный номер авторитетной/нормативной записи |
194559 |
| Идентификатор авторитетной/нормативной записи |
RU\NLR\AUTH\770194610 |
| 712 02 - НАИМЕНОВАНИЕ ОРГАНИЗАЦИИ - ВТОРИЧНАЯ ОТВЕТСТВЕННОСТЬ |
| Начальный элемент ввода |
Туркестанская учительская семинария |
| Идентифицирующий признак |
Ташкент |
| Системный номер авторитетной/нормативной записи |
353062 |
| Идентификатор авторитетной/нормативной записи |
RU\NLR\AUTH\889928745 |
| 801 #0 - ИСТОЧНИК ЗАПИСИ |
| Страна |
Российская Федерация |
| Организация |
NLR |
| Правила каталогизации |
psbo |
| 801 #0 - ИСТОЧНИК ЗАПИСИ |
| Страна |
Российская Федерация |
| Организация |
RuMoRGB |
| Источник данных |
psbo |
| 801 #1 - ИСТОЧНИК ЗАПИСИ |
| Страна |
Российская Федерация |
| Организация |
ProSoft-M |
| Источник данных |
rusmarc |
| 852 ## - МЕСТОНАХОЖДЕНИЕ И ШИФР ХРАНЕНИЯ |
| Идентификатор организации |
NLR |
| Шифр хранения (Call Number) |
20.87.1.8 |
| 899 ## - ДАННЫЕ О МЕСТОНАХОЖДЕНИИ (устаревшее) |
| Местонахождение |
БАН |
| 942 ## - ДОПОЛНИТЕЛЬНЫЕ ЭЛЕМЕНТЫ ЗАПИСИ (АБИС) |
| Тип экземпляра АБИС |
Книга |
| 980 ## - КОЛЛЕКЦИЯ |
| Название коллекции |
Национальная библиография |